The varieties of religious experience; a study in human nature.
Saved in:
| Main Author: | |
|---|---|
| Format: | Book |
| Language: | English |
| Published: |
New York :
New American Library,
c1958.
|
| Series: | Gifford lectures,
1901-02. |
| Subjects: |
MARC
| LEADER | 00000cam a2200000 4500 | ||
|---|---|---|---|
| 001 | (hcc)000000473 | ||
| 005 | 20260603193227.5 | ||
| 008 | 751017s1958 xx 000 0 eng | ||
| 010 | |a 58001697 | ||
| 035 | |a (OCoLC)1711345 | ||
| 035 | 9 | |a AAA0477^^^^^ | |
| 035 | |a (hcc)(hcc)000000473 | ||
| 040 | |a DLC |c JNA |d m.c. |d OCL | ||
| 049 | 0 | 0 | |a XXHA |
| 050 | 0 | |a BR110 |b .J3 1958 | |
| 092 | |a 201 |b 29 | ||
| 100 | 1 | |a James, William, |d 1842-1910. | |
| 245 | 1 | 4 | |a The varieties of religious experience; |b a study in human nature. |c Forword by Jacques Barzun. |
| 260 | |a New York : |b New American Library, |c c1958. | ||
| 300 | |a 406 p. |c 19 cm. | ||
| 440 | 0 | |a Gifford lectures, |v 1901-02. | |
| 490 | 0 | |a A Mentor book, MD221. | |
| 500 | |a "Delivered at Edinburgh." | ||
| 504 | |a Includes bibliographical references and index. | ||
| 650 | 0 | |a Religion. | |
| 650 | 0 | |a Philosophy and religion. | |
| 650 | 0 | |a Conversion. | |
| 650 | 0 | |a Psychology, Religious. | |
| 999 | f | f | |i 4c1b07e8-6ebe-51a0-ac06-f77e198f7a52 |s 2bc06d5d-ff62-4453-842e-0a8370012653 |t 0 |
| 952 | f | f | |p Circulating |a Holy Cross College |b Holy Cross College |c McKenna Library |s HCC Library General Collection |d HCC Library General Collection |t 0 |e 201 J29 |h Dewey Decimal classification |i Book |m 06000000217939 |